Social and Preventive Pharmacy (Record no. 11576)

MARC details
000 -LEADER
fixed length control field 00444nam a22001937a 4500
003 - CONTROL NUMBER IDENTIFIER
control field OSt
008 - FIXED-LENGTH DATA ELEMENTS--GENERAL INFORMATION
fixed length control field 221007b ||||| |||| 00| 0 eng d
020 ## - INTERNATIONAL STANDARD BOOK NUMBER
International Standard Book Number 9789390709205
082 ## - DEWEY DECIMAL CLASSIFICATION NUMBER
Classification number 610 JRS
100 ## - MAIN ENTRY--PERSONAL NAME
Personal name JAIN,NK
245 ## - TITLE STATEMENT
Title Social and Preventive Pharmacy
250 ## - EDITION STATEMENT
Edition statement 1st
260 ## - PUBLICATION, DISTRIBUTION, ETC. (IMPRINT)
Place of publication, distribution, etc New Delhi
Name of publisher, distributor, etc CBS
Date of publication, distribution, etc 2021
300 ## - PHYSICAL DESCRIPTION
Extent 324
650 ## - SUBJECT ADDED ENTRY--TOPICAL TERM
Topical term or geographic name as entry element Social Pharmacy
700 ## - ADDED ENTRY--PERSONAL NAME
Personal name KHURANA,Shelly
700 ## - ADDED ENTRY--PERSONAL NAME
Personal name KHURANA,Puneet
942 ## - ADDED ENTRY ELEMENTS (KOHA)
Source of classification or shelving scheme Dewey Decimal Classification
Koha item type Text Books
Holdings
Withdrawn status Lost status Source of classification or shelving scheme Damaged status Not for loan Collection code Home library Current library Date acquired Source of acquisition Currency Cost, normal purchase price Bill Number Total Checkouts Full call number Acc. no. / Barcode Date last seen Actual Cost, discounted price Bill Date Koha item type Checked out Date last borrowed
    Dewey Decimal Classification     B.Pharma PIET C-LIBRARY PIET C-LIBRARY 08/09/2022 Kirti Praskshan IN Rupees 375.00 IN948   610 JRS BP1921 07/10/2022 243.75 08/09/2022 Text Books    
    Dewey Decimal Classification     B.Pharma PIET C-LIBRARY PIET C-LIBRARY 08/09/2022 Kirti Praskshan IN Rupees 375.00 IN948 2 610 JRS BP1922 05/06/2026 243.75 08/09/2022 Text Books 22/12/2026 05/06/2026
    Dewey Decimal Classification     B.Pharma PIET C-LIBRARY PIET C-LIBRARY 08/09/2022 Kirti Praskshan IN Rupees 375.00 IN948 1 610 JRS BP1923 27/08/2025 243.75 08/09/2022 Text Books   16/06/2025
    Dewey Decimal Classification     B.Pharma PIET C-LIBRARY PIET C-LIBRARY 08/09/2022 Kirti Praskshan IN Rupees 375.00 IN948   610 JRS BP1924 07/10/2022 243.75 08/09/2022 Text Books    
    Dewey Decimal Classification     B.Pharma PIET C-LIBRARY PIET C-LIBRARY 08/09/2022 Kirti Praskshan IN Rupees 375.00 IN948 1 610 JRS BP1925 21/07/2025 243.75 08/09/2022 Text Books   10/07/2025
    Dewey Decimal Classification     B.Pharma PIET C-LIBRARY PIET C-LIBRARY 08/09/2022 Kirti Praskshan IN Rupees 375.00 IN948 1 610 JRS BP1926 17/08/2024 243.75 08/09/2022 Text Books   09/07/2024
    Dewey Decimal Classification     B.Pharma PIET C-LIBRARY PIET C-LIBRARY 08/09/2022 Kirti Praskshan IN Rupees 375.00 IN948 2 610 JRS BP1927 14/08/2024 243.75 08/09/2022 Text Books   30/07/2024
    Dewey Decimal Classification     B.Pharma PIET C-LIBRARY PIET C-LIBRARY 08/09/2022 Kirti Praskshan IN Rupees 375.00 IN948 1 610 JRS BP1928 15/07/2024 243.75 08/09/2022 Text Books   02/07/2024
    Dewey Decimal Classification     B.Pharma PIET C-LIBRARY PIET C-LIBRARY 08/09/2022 Kirti Praskshan IN Rupees 375.00 IN948   610 JRS BP1929 07/10/2022 243.75 08/09/2022 Text Books    
    Dewey Decimal Classification     B.Pharma PIET C-LIBRARY PIET C-LIBRARY 08/09/2022 Kirti Praskshan IN Rupees 375.00 IN948 2 610 JRS BP1930 13/08/2024 243.75 08/09/2022 Text Books   29/07/2024

Design & Developed by: PIET Central Library
R70 Miles Stone Pattikalyana Samalkha Panipat 132102
mail ID :- [email protected], Phone No:- 0180-2569700 Ex.216